Recherche sur la violence collective au Canada
| Main Author: | |
|---|---|
| Format: | Print Book |
| Language: | French |
| Published: |
[Montréal]
Centre Internat. de Criminologie Comparée, Univ. de Montréal
1980
|
| In: |
Rapport (2)
Year: 1980 |
| Availability in Tübingen: | Present in Tübingen. UB: KB 2 B 850 |
| Check availability: | HBZ Gateway |
| Subito Delivery Service: | Order now. |
MARC
| LEADER | 00000cam a22000002c 4500 | ||
|---|---|---|---|
| 001 | 1091525188 | ||
| 003 | DE-627 | ||
| 005 | 20220514125144.0 | ||
| 007 | tu | ||
| 008 | 900906s1980 xx ||||| 00| ||fre c | ||
| 035 | |a (DE-627)1091525188 | ||
| 035 | |a (DE-576)021525188 | ||
| 035 | |a (DE-599)BSZ021525188 | ||
| 035 | |a (OCoLC)224059445 | ||
| 040 | |a DE-627 |b ger |c DE-627 |e rakwb | ||
| 041 | |a fre | ||
| 100 | 1 | |a Crelinsten, Ronald D. |d 1947- |0 (DE-588)120807959X |0 (DE-627)1694372901 |0 (DE-576)160640334 |4 aut | |
| 109 | |a Crelinsten, Ronald D. 1947- |a Crelinsten, Ronald David 1947- |a Crelinsten, Ronald 1947- | ||
| 245 | 1 | 0 | |a Recherche sur la violence collective au Canada |c Ronald D. Crelinsten |
| 264 | 1 | |a [Montréal] |b Centre Internat. de Criminologie Comparée, Univ. de Montréal |c 1980 | |
| 300 | |a 151 Bl. | ||
| 336 | |a Text |b txt |2 rdacontent | ||
| 337 | |a ohne Hilfsmittel zu benutzen |b n |2 rdamedia | ||
| 338 | |a Band |b nc |2 rdacarrier | ||
| 490 | 1 | |a Rapport / Centre International de Criminologie Comparée, Université de Montréal |v 2 | |
| 583 | 1 | |a Archivierung prüfen |c 20200919 |f DE-640 |z 1 |2 pdager | |
| 810 | 2 | |a Centre international de criminologie comparée |t Rapport |v 2 |9 2 |w (DE-627)1090945817 |w (DE-576)020945817 |7 am | |
| 951 | |a BO | ||
| ELC | |b 1 | ||
| LOK | |0 000 xxxxxcx a22 zn 4500 | ||
| LOK | |0 001 2150417839 | ||
| LOK | |0 003 DE-627 | ||
| LOK | |0 004 1091525188 | ||
| LOK | |0 005 19900906000000 | ||
| LOK | |0 008 900906||||||||||||||||ger||||||| | ||
| LOK | |0 040 |a DE-21 |c DE-627 |d DE-21 | ||
| LOK | |0 852 |a DE-21 | ||
| LOK | |0 852 1 |c KB 2 B 850 |9 00 | ||
| LOK | |0 935 |a krim | ||
| LOK | |0 936ln |a k1 | ||
| LOK | |0 939 |a 06-09-90 |b l01 | ||
| ORI | |a SA-MARC-krimdoka001.raw | ||
| SIG | |a UB: KB 2 B 850 | ||
